| 000 | 00909cab a2200277 4500 | ||
|---|---|---|---|
| 001 | ABS56545 | ||
| 008 | 090401t1997 xxu||||| |||| 00| 0 eng d | ||
| 035 | _a(Sirsi) u24424 | ||
| 041 | _aeng | ||
| 100 | _aPrice, J. | ||
| 245 | _aJoint and several liability | ||
| 260 | _c1997 | ||
| 350 | _a0 | ||
| 490 |
_aBuilding _v262(7976) 7 February 1997, 36(1) |
||
| 520 | _aOne author puts forward the contractors` case for abolishing joint and several liability, stating the system is unjust, whilst the author argues for the clients, claiming that the industry does not want single-point delivery systems. | ||
| 650 | _aCONSTRUCTION INDUSTRY | ||
| 650 | _aCONTRACTORS | ||
| 650 | _aJOINT AND SEVERAL LIABILITY | ||
| 650 | _aPROPORTIONATE LIABILITY | ||
| 650 | _aREFORM | ||
| 650 | _aSUBCONTRACTORS | ||
| 690 | _aBUILT ENVIRONMENT | ||
| 700 | _aMinogue, A. | ||
| 942 | _n0 | ||
| 948 | _c04/03/1997 | ||
| 999 |
_c16378 _d16378 |
||